| 000 | 00548nam a22002057a 4500 | ||
|---|---|---|---|
| 003 | OSt | ||
| 005 | 20140310183056.0 | ||
| 008 | 130228t xxu||||| |||| 00| 0 eng d | ||
| 020 | _a9789719905028 | ||
| 050 |
_aPL6059 _b.As858 2011 |
||
| 082 |
_aFIL 808.04 _bAs858 2011 |
||
| 245 |
_a Retorika : masining na pagpapahayag _cAstorga Jr., Eriberto R. |
||
| 260 |
_aManila _bMindshapers Co. _c2011 |
||
| 300 |
_a175 p. _c25cm |
||
| 521 | _aCollege students | ||
| 526 | _c1210L-1700L | ||
| 541 | _j1 | ||
| 562 | _e1 | ||
| 942 |
_2lcc _cBK _kFIL |
||
| 999 |
_c18684 _d18684 |
||